Sosyal sistemlerin temelleri / (Record no. 200002251)
[ view plain ]
| 000 -LEADER | |
|---|---|
| fixed length control field | 00740 a2200277 4500 |
| 001 - CONTROL NUMBER | |
| control field | 200002251 |
| 003 - CONTROL NUMBER IDENTIFIER | |
| control field | TR-AnTOB |
| 005 - DATE AND TIME OF LATEST TRANSACTION | |
| control field | 20220819160339.0 |
| 008 - FIXED-LENGTH DATA ELEMENTS--GENERAL INFORMATION | |
| fixed length control field | 101011s1979 tu 001 0 |
| 040 ## - CATALOGING SOURCE | |
| Original cataloging agency | TR-AnTOB |
| 041 0# - LANGUAGE CODE | |
| Language code of text/sound track or separate title | Türkçe |
| 050 14 - LIBRARY OF CONGRESS CALL NUMBER | |
| Classification number | HM131 |
| Item number | .E235 1979 |
| 090 ## - LOCALLY ASSIGNED LC-TYPE CALL NUMBER (OCLC); LOCAL CALL NUMBER (RLIN) | |
| Classification number (OCLC) (R) ; Classification number, CALL (RLIN) (NR) | HM131.E235 1979 |
| 100 1# - MAIN ENTRY--PERSONAL NAME | |
| Personal name | Edibâli, Aykut |
| 9 (RLIN) | 70714 |
| 245 00 - TITLE STATEMENT | |
| Title | Sosyal sistemlerin temelleri / |
| Statement of responsibility, etc. | Aykut Edibâli. |
| 250 ## - EDITION STATEMENT | |
| Edition statement | 1.Basım |
| 264 #1 - PRODUCTION, PUBLICATION, DISTRIBUTION, MANUFACTURE, AND COPYRIGHT NOTICE | |
| Place of production, publication, distribution, manufacture | İstanbul : |
| Name of producer, publisher, distributor, manufacturer | Otağ Yayınları, |
| Date of production, publication, distribution, manufacture, or copyright notice | 1979. |
| 300 ## - PHYSICAL DESCRIPTION | |
| Extent | 350 s. ; |
| Dimensions | 22 cm. |
| 590 ## - LOCAL NOTE (RLIN) | |
| Local note | Sayın Celil Güngör tarafından bağışlanmıştır. |
| 650 00 - SUBJECT ADDED ENTRY--TOPICAL TERM | |
| Topical term or geographic name entry element | Sosyal yapı |
| 9 (RLIN) | 14226 |
| Topical term or geographic name entry element | Sosyal sistemler |
| 9 (RLIN) | 30632 |
| 902 ## - LOCAL DATA ELEMENT B, LDB (RLIN) | |
| a | 0030070 |
| 903 ## - LOCAL DATA ELEMENT C, LDC (RLIN) | |
| a | Merkez Kütüphane |
| 945 ## - LOCAL PROCESSING INFORMATION (OCLC) | |
| a | go, BS |
| 942 ## - ADDED ENTRY ELEMENTS (KOHA) | |
| Koha item type | Book |
| Withdrawn status | Lost status | Source of classification or shelving scheme | Not for loan | Collection code | Home library | Current library | Shelving location | Date acquired | Source of acquisition | Total Checkouts | Total Holds | Full call number | Barcode | Copy number | Date shelved | Koha item type |
|---|---|---|---|---|---|---|---|---|---|---|---|---|---|---|---|---|
| Library of Congress Classification | Ödünç Verilebilir / Available | Genel Koleksiyon | Merkez Kütüphane | Merkez Kütüphane | Genel Koleksiyon / Main Collection | 11/10/2010 | Bağış / Donation | HM131 .E235 1979 | 0030070 | 1 | 11/10/2010 | Book |
